| 000 | 00513nam a22001817a 4500 | ||
|---|---|---|---|
| 005 | 20230808103124.0 | ||
| 007 | |||
| 008 | 230808b |||||||| |||| 00| 0 eng d | ||
| 020 | _a9780702307126 (pbk) | ||
| 040 |
_aKMU _cKMU _dKMU _erda |
||
| 050 | _aPR 6102.A776 | ||
| 100 | _aScott,Libby | ||
| 245 |
_aCan you see Me: _bexpected to fit in proud to stand out/ _cLibby Scott and Rebecca Westcott |
||
| 260 |
_aLondon: _bBookTrust, _c2020. |
||
| 300 |
_a365 .: _c19cm |
||
| 700 | _aWestcott,Rebecca | ||
| 942 |
_2lcc _cFM _n0 |
||
| 999 |
_c555 _d555 |
||